Statistics for America's top 10 Brands of Soda

Click here to take the quiz!

General Stats

  • This quiz has been taken 312 times
  • The average score is 7 of 10

Answer Stats

RankSoda% Correct
1Coca-Cola
99%
3Pepsi-Cola
97%
6Sprite
88%
5Dr Pepper
84%
10Fanta
77%
4Mountain Dew
72%
2Diet Coke
50%
7Diet Pepsi
47%
9Diet Dr Pepper
29%
8Diet Mountain Dew
26%

Score Distribution

Percentile by Number Answered

Percent of People with Each Score

Your Score History

You have not taken this quiz